000 00834nam a2200217Ia 4500
001 18444
005 20260320170549.0
008 260306s9999||||xx |||||||||||||| ||und||
041 _aESP
082 _a658.404
_bI97
100 _aIzar Landeta, Juan Manuel
_eAUT
245 0 _aGestión y evaluación de proyectos
260 _c2016
300 _a496 páginas :
_c24 cm.
650 _aGEN
654 _aCAN
856 _uhttps://itmsp.museknowledge.com/UCSP?url=https://www.ebooks7-24.com:443/?il=1978&pg=1
_zVersión digital
856 _uhttps://0u213tdso-y-https-ebooks7--24-com.itmsp.museknowledge.com/biblioteca.aspx
_zVéase además: Base de datos Ebook7-24
856 _uhttps://0u20ytdsq-y-https-www-bibliotechnia-com-mx.itmsp.museknowledge.com/
_zVéase además: Base de datos BiblioTechnia
942 _cLIB
_dJUS
_fJUS
_2ddc
999 _c18444
_d18444